Visita fugaz a la colección teatral de D. Arturo Sedó /
Descripción Física:
Il·lustracions
Colección:
San Jorge,
; núm. 14 (abril 1954), pàg 69-74
Idioma:
Español
MARC
| LEADER | 00000naa a2200000 a 4500 | ||
|---|---|---|---|
| 003 | Arxiu | ||
| 005 | 20260324181039.0 | ||
| 008 | 160829s1954 spcaxx s spa c | ||
| 040 | |a agdb | ||
| 100 | 0 | |a Sempronio, |9 31074 |d 1908-2006 | |
| 245 | 1 | 0 | |a Visita fugaz a la colección teatral de D. Arturo Sedó / |c por Sempronio |
| 300 | |b Il·lustracions | ||
| 490 | |a San Jorge, |v núm. 14 (abril 1954), pàg 69-74 | ||
| 600 | 1 | 0 | |9 54920 |a Sedó i Guichard, Artur, |d 1881-1965 |
| 650 | |a Teatre |x Fons documentals |9 31076 | ||
| 773 | |g Núm. 14 (abril 1954), pàg 69-74 |t San Jorge. | ||
| 901 | |a Arxiu | ||
| 942 | |n 1 |2 udc |c ART | ||
| 952 | |0 0 |1 0 |4 0 |6 REV509 |7 1 |9 64778 |a Arxiu |b Arxiu |d 2022-12-13 |l 0 |o Rev-509 |r 2022-12-13 00:00:00 |w 2022-12-13 |y ARXIU | ||
| 999 | |c 48809 |d 48809 | ||